Click Clack Symphony. - RAYE (Lyrics) - Statistics

General Stats
  • This quiz has been taken 15 times
  • The average score is 363 of 479
Answer Stats
Answer % Correct
I
100%
a
92%
about
92%
all
92%
arching
92%
back
92%
baddest
92%
be
92%
but
92%
But
92%
by
92%
call
92%
clack
92%
darling
92%
Did
92%
did,
92%
did
92%
down
92%
girl
92%
go
92%
in
92%
In
92%
it
92%
It
92%
it's
92%
It's
92%
just
92%
me
92%
me,
92%
me?
92%
my
92%
need
92%
No
92%
of
92%
out
92%
out,
92%
out?
92%
Send
92%
send
92%
she
92%
She
92%
sound
92%
still
92%
that,
92%
that
92%
That
92%
the
92%
The
92%
Then
92%
this
92%
time
92%
to
92%
Who
92%
who
92%
women,
92%
alright
83%
an
83%
and
83%
And
83%
are
83%
born
83%
Calling
83%
can
83%
can't
83%
Click-click-click
83%
conquer
83%
conquered
83%
dress
83%
eat,
83%
enough
83%
existing
83%
fact,
83%
four
83%
fridge
83%
girls
83%
going
83%
Going
83%
has
83%
Her
83%
her
83%
house
83%
hundred
83%
hurt
83%
is
83%
know
83%
leaving
83%
legs
83%
let
83%
Let
83%
marching
83%
more
83%
odds
83%
odds,
83%
on
83%
one
83%
reminds
83%
She's
83%
sleep,
83%
symphony,
83%
than
83%
there
83%
those
83%
trillion?
83%
unleash
83%
was
83%
we
83%
wine
83%
you
83%
dance
75%
Earth's
75%
empowered
75%
feel
75%
floor
75%
for
75%
hurting,
75%
love
75%
pep
75%
pick
75%
Pick
75%
scroll,
75%
some
75%
SOS,
75%
talk
75%
tonight
75%
try?
75%
try
75%
us
75%
yet
75%
address,
67%
am
67%
Am
67%
burdens
67%
burn
67%
cold,
67%
cold
67%
feminine
67%
get
67%
got
67%
healing,
67%
heart
67%
Heavy
67%
how
67%
hug,
67%
life,
67%
life
67%
living
67%
merely
67%
needs
67%
not
67%
said:
67%
start
67%
teaches
67%
them
67%
there's
67%
thinking
67%
alien
58%
believed
58%
bring
58%
closet
58%
cobwebs
58%
every
58%
Everything
58%
everything
58%
fine
58%
lasts,
58%
little
58%
mean
58%
never
58%
once
58%
open
58%
pretend
58%
sad
58%
see
58%
Sun
58%
that's
58%
up
58%
weighing
58%
Why
58%
will
58%
work,
58%
blue
50%
Choo,
50%
done
50%
feeling
50%
glimmer
50%
herself
50%
knight
50%
lay
50%
like
50%
louder
50%
music
50%
pink
50%
product
50%
save
50%
shining,
50%
Sigh
50%
sight
50%
someone
50%
turn
50%
under
50%
Yeah,
50%
again
42%
beautiful
42%
been
42%
clouds
42%
danced
42%
day
42%
even
42%
fiends
42%
first
42%
gather
42%
if
42%
Jim-Jimmy
42%
learned
42%
lesson
42%
lights
42%
long
42%
moment
42%
must
42%
only
42%
riding,
42%
Run
42%
would
42%
armoured
33%
come
33%
confirm
33%
darkness
33%
getting
33%
goodbye
33%
had
33%
have
33%
headphones
33%
hoped
33%
into
33%
kissed
33%
left
33%
lonely
33%
now
33%
overcome
33%
put
33%
season
33%
thanked
33%
Though
33%
weight
33%
beneath
25%
Blahnik
25%
faith
25%
gave
25%
hold
25%
Manolo
25%
maybe
25%
patient
25%
planted
25%
seeds
25%
She'll
25%
slipped
25%
snow
25%
tough
25%
No matching quizzes found
Score Distribution
Percent of People with Each Score
Percentile by Number Answered
Your Score History
You have not taken this quiz